[Event "Memorial Jorge Szmetan 2017"]
[Site "Buenos Aires"]
[Date "2017.04.21"]
[Round "5"]
[White "Mareco, Sandro"]
[Black "Van Riemsdijk, Herman C"]
[Result "1-0"]
[WhiteElo "2655"]
[BlackElo "2318"]
[Annotator "TA"]
[PlyCount "69"]
[EventDate "2017.04.17"]
[EventType "tourn"]
[EventCountry "ARG"]
[SourceTitle "playchess.com"]
[Source "ChessBase"]
[SourceQuality "1"]

{[%evp 28,69,29,15,102,35,105,70,111,114,108,110,155,141,161,160,162,175,184,169,279,299,410,408,373,406,552,469,917,672,875,848,29985,29986,29986,29987,29990,29988,29993,29994,29994,1764,29995,29996]} 1. e4 e5 2. Nf3 Nc6 3. Bb5 a6 4. Ba4 Nf6 5. O-O Be7 6. Re1 b5 7. Bb3 d6 8. c3 O-O 9. h3 Na5 10. Bc2 c5 11. d4 cxd4 12. cxd4 Qc7 13. Nbd2 {[%cal Bb1d2,Bd2f1,Bf1g3,Bg3f5][%mdl 32]} Be6 14. Nf1 {C99: Closed Ruy Lopez: Chigorin Defence: 11 d4 Qc7 12 Nbd2 cxd4} Rac8 15. Bd3 {LiveBook: 9 Games} Nc4 $146 (15... exd4 $11 16. Nxd4 Nc6) (15... exd4 16. Nxd4 Nc6 17. Be3 Nxd4 18. Bxd4 Nd7 19. Ng3 Bf6 20. Bxf6 Nxf6 21. a4 Qb6 {½-½ (31) Oparin,G (2626)-Sevian,S (2591) Monzon 2016}) 16. b3 (16. d5 $16 Bd7 17. b3) 16... Nb6 (16... exd4 $14 17. Nxd4 (17. bxc4 bxc4 18. Nxd4 cxd3 $11) 17... Ne5) 17. Bb2 exd4 18. Nxd4 Nbd7 19. Ng3 Nc5 20. Ndf5 Nxd3 21. Qxd3 {And now Nxg7! would win.} ({Much less strong is} 21. Nxe7+ $6 Qxe7 22. Qxd3 h6 $16) 21... Ne8 22. Rad1 Bg5 23. h4 Bxf5 (23... Bd8 $142 24. e5 Qc2) 24. Nxf5 $18 ({Resist} 24. hxg5 $6 Bg4 $16) 24... Bd8 25. e5 dxe5 26. Bxe5 Qa7 27. Qh3 Ra8 {[#]} (27... Qb6 $142 28. Qg3 Qg6) 28. Rd7 $1 {[%mdl 512]} Qb6 (28... Qxd7 29. Nh6+) 29. Bd4 Qa5 {[#]} 30. Rxe8 $1 {[%mdl 512]} Rxe8 31. Qg3 {[%csl Gd4,Gf5][%cal Rg3g7]} Re1+ 32. Kh2 {[%csl Gd4,Gf5][%cal Rg3g7]} g6 33. Nh6+ Kf8 34. Rxf7+ Ke8 35. Qd6 1-0

[Event "Memorial Jorge Szmetan 2017"]
[Site "Buenos Aires"]
[Date "2017.04.21"]
[Round "5"]
[White "Bachmann, Axel"]
[Black "Granda Zuniga, Julio E"]
[Result "1/2-1/2"]
[WhiteElo "2646"]
[BlackElo "2658"]
[Annotator "TA"]
[PlyCount "73"]
[EventDate "2017.04.17"]
[EventType "tourn"]
[EventCountry "ARG"]
[SourceTitle "playchess.com"]
[Source "ChessBase"]
[SourceQuality "1"]

{[%evp 10,73,29,20,33,27,31,29,22,30,18,24,29,29,25,28,36,42,29,32,48,35,40,31,37,32,41,42,31,35,33,34,37,41,34,34,50,20,37,1,12,3,4,0,0,0,0,0,0,0,0,0,0,0,0,0,0,0,0,0,0,0,0,0,0,0]} 1. d4 Nf6 2. c4 e6 3. g3 Bb4+ 4. Bd2 Qe7 5. Bg2 O-O 6. Nf3 {LiveBook: 673 Games} b6 {E11: Bogo-Indian} (6... Bxd2+ 7. Qxd2 d5 8. O-O Rd8 9. Qc2 Nc6 10. cxd5 exd5 11. Rc1 Ne4 12. Nc3 Nb4 13. Qa4 c6 14. a3 Na6 15. e3 Nd6 16. b4 Nc7 17. Qb3 Be6 {0-1 (40) Prohaszka,P (2604)-Cori Tello,J (2601) Escaldes 2016}) 7. Ne5 d5 8. O-O Bxd2 {White has an edge.} 9. Nxd2 Bb7 10. cxd5 exd5 11. Rc1 c5 12. Qa4 Rc8 13. Rfe1 Na6 14. e4 Qe8 $146 (14... cxd4 15. Rxc8+ Rxc8 16. exd5 Qb4 17. Qxb4 Nxb4 {½-½ (36) Molina Navarro,J-Semmler,J (2022) ICCF email 2010}) 15. Qa3 {[#] Threatens to win with exd5.} (15. Qxe8+ $5 {creates asymmetry.} Rxe8 16. exd5 Rad8 17. Bf1 Kf8 18. Ndf3) 15... cxd4 {aiming for ...Rxc1.} 16. Rxc8 Qxc8 17. exd5 Bxd5 (17... Nxd5 18. Ne4 Qe6 19. Nd6 $18 (19. Ng5 Qf6 $16)) 18. Bxd5 Nxd5 19. Qf3 Qe6 20. Nb3 Nac7 21. Nxd4 Qf6 22. Qxf6 Nxf6 23. Nec6 Nfd5 24. Ne7+ Kf8 {The position is equal.} 25. Nxd5 Nxd5 $11 {[%mdl 4096] Endgame KRN-KRN} 26. Nc6 a6 27. Rd1 (27. Ne5 $5 {is interesting.} Rd8 28. Kg2 f6 29. Nc6 Rd6 30. Rc1) 27... Rc8 28. Rxd5 {[#] Black must now prevent Rd6.} Rxc6 {KR-KR} 29. Rd3 Rc2 30. Rb3 b5 31. Ra3 Rc6 32. Kf1 Ke7 33. Ke2 Rc2+ 34. Ke3 Rxb2 35. Rxa6 b4 36. h4 b3 37. axb3 1/2-1/2

[Event "Memorial Jorge Szmetan 2017"]
[Site "Buenos Aires"]
[Date "2017.04.21"]
[Round "5"]
[White "Pichot, Alan"]
[Black "Garcia Palermo, Carlos"]
[Result "1-0"]
[WhiteElo "2556"]
[BlackElo "2450"]
[Annotator "TA"]
[PlyCount "51"]
[EventDate "2017.04.17"]
[EventType "tourn"]
[EventCountry "ARG"]
[SourceTitle "playchess.com"]
[Source "ChessBase"]
[SourceQuality "1"]

{[%evp 12,51,34,37,53,54,64,56,73,61,71,64,58,64,61,62,74,76,59,60,66,90,72,91,167,147,174,155,277,274,602,584,583,551,482,410,410,400,1065,856,867,852]} 1. e4 {[%cal Be2e4,Be4e5][%mdl 32]} c6 2. d4 d5 3. e5 Bf5 4. Nf3 e6 5. Be2 Nd7 6. O-O Bg6 7. a4 {[%cal Ba2a4,Ba4a5,Ba5a6][%mdl 32] LiveBook: 28 Games. B12: Caro-Kann: Advance Variation} Be7 (7... Ne7 8. a5 a6 9. b4 Nf5 10. c3 f6 11. Bf4 fxe5 12. dxe5 Be7 13. g4 Nh4 14. Nd4 Bf7 {1-0 (31) Caruana,F (2808)-Bareev,E (2675) Baku 2016}) 8. a5 Nh6 9. a6 $146 {White is slightly better.} (9. Nbd2 O-O 10. Nb3 Rc8 11. a6 b6 12. c4 Nf5 13. h3 Qc7 14. Bf4 Rfd8 {1-0 (29) Narayanan,S (2414)-Kathmale,S (2345) Pune 2014}) 9... b6 {[%cal Bb7b6,Bb6b5][%mdl 32]} 10. c4 dxc4 11. Bxc4 Nf5 12. g4 Nh6 13. h3 $1 b5 14. Bb3 Nb6 15. Nc3 {[%cal Bb1c3,Bc3b5,Bb5d6,Bd6e4,Be4c5][%mdl 32]} Ng8 16. d5 Nxd5 17. Bxd5 cxd5 (17... exd5 $16 {keeps fighting.} 18. Nd4 Rc8) 18. Nxb5 $18 h5 {[#]} 19. g5 $1 Be4 (19... Bc5 $16 {is a better defense.}) 20. Nfd4 Bxg5 $2 (20... Kf8 21. Nxa7 Qb6) 21. Nc6 Qd7 22. Nd6+ Kf8 23. Nxe4 Bxc1 24. Rxc1 (24. Qxc1 dxe4 25. Rd1 Qc7 $18) 24... Rc8 (24... Ne7 $142 25. Nxe7 Qxe7) 25. Qa4 Ne7 26. Nc5 1-0

[Event "Memorial Jorge Szmetan 2017"]
[Site "Buenos Aires"]
[Date "2017.04.21"]
[Round "5"]
[White "Morovic Fernandez, Ivan"]
[Black "Darcyl, Tomas"]
[Result "1/2-1/2"]
[WhiteElo "2527"]
[BlackElo "2405"]
[Annotator "TA"]
[PlyCount "38"]
[EventDate "2017.04.17"]
[EventType "tourn"]
[EventCountry "ARG"]
[SourceTitle "playchess.com"]
[Source "ChessBase"]
[SourceQuality "1"]

{[%evp 18,38,37,29,24,24,31,32,42,38,31,37,32,0,0,0,0,0,0,-35,0,-78,-38]} 1. d4 Nf6 2. Nf3 g6 3. Nbd2 d5 4. e3 Bg7 5. b4 O-O {D02: 1 d4 d5 2 Nf3 sidelines, including 2...Nf6 3 g3 and 2...Nf6 3 Bf4} 6. Bb2 Bf5 7. c4 c6 8. Be2 Nbd7 9. O-O Ne4 10. a4 {LiveBook: 10 Games} Nxd2 (10... Re8 11. cxd5 cxd5 12. Nxe4 Bxe4 13. Qb3 {1-0 (36) So,W (2808)-Vachier Lagrave,M (2796) chess.com INT 2017}) 11. Nxd2 e5 12. cxd5 cxd5 13. dxe5 Nxe5 14. Bd4 Re8 $146 15. Qb3 Nc4 16. Nxc4 {[#] Strongly threatening Bxg7.} Bxd4 17. Rad1 Bg7 18. Na5 Qe7 19. Bb5 (19. Qxd5 $11 {remains equal.} Qxb4 20. Qb5 Qxb5 21. axb5) 19... Rec8 1/2-1/2

[Event "Memorial Jorge Szmetan 2017"]
[Site "Buenos Aires"]
[Date "2017.04.21"]
[Round "5"]
[White "Hoffman, Alejandro"]
[Black "Slipak, Sergio"]
[Result "1/2-1/2"]
[WhiteElo "2488"]
[BlackElo "2465"]
[Annotator "TA"]
[PlyCount "141"]
[EventDate "2017.04.17"]
[EventType "tourn"]
[EventCountry "ARG"]
[SourceTitle "playchess.com"]
[Source "ChessBase"]
[SourceQuality "1"]

{[%evp 11,141,16,33,4,11,1,7,0,7,10,27,0,8,2,1,0,0,5,8,13,6,10,11,6,12,0,22,21,16,14,14,7,20,0,0,0,11,6,12,0,14,14,14,14,25,18,22,10,13,12,26,36,75,73,49,8,9,0,1,-11,-11,-35,-35,-22,-14,-14,0,0,47,38,28,0,0,0,0,0,8,0,0,0,8,10,32,0,19,19,19,22,32,4,4,0,0,0,0,0,0,0,0,0,0,0,0,0,0,0,0,0,12,0,0,0,0,0,0,0,0,0,19,4,8,8,19,19,19,19,19,19,19,19,19,19]} 1. d4 d5 2. c4 e6 3. Nc3 a6 4. cxd5 exd5 5. Nf3 Nf6 6. Bg5 {D37: Queen's Gambit Declined: 5 Bf4} Be6 {LiveBook: 53 Games} 7. Rc1 $146 (7. e3 Nbd7 8. Bd3 h6 9. Bh4 g5 10. Bg3 Nh5 11. Be5 Ng7 12. h3 Nxe5 13. Nxe5 Bd6 {½-½ (60) Van Wely,L (2695)-Andreikin,D (2736) Wijk aan Zee 2017}) (7. e3 Nbd7 8. Bd3 h6 9. Bh4 Bd6 10. Rc1 c6 11. Bg3 Bxg3 12. hxg3 O-O 13. O-O Qc7 {½-½ (91) Guo,Q (2447)-Ju,W (2559) Yangzhou 2016}) 7... Nbd7 8. e3 Bd6 9. Bd3 c6 10. O-O O-O 11. Qc2 Qc7 12. Bh4 h6 13. Bg3 Bxg3 14. hxg3 a5 15. a3 Qd6 16. Na4 Rfe8 17. Nc5 Nxc5 18. dxc5 Qc7 19. b4 Bd7 20. Nd4 axb4 21. axb4 Ng4 22. Ra1 Qe5 23. Bf5 Nf6 24. Bxd7 Nxd7 25. Qf5 Qc7 (25... Qxf5 $5 {feels hotter.} 26. Nxf5 Ne5 27. Rfd1 g6 28. Nd6 Rxa1 29. Rxa1 Rb8) 26. Qf4 $36 {[%mdl 2048] Black is under pressure.} Qxf4 27. gxf4 g6 28. Rfb1 Kg7 29. g3 h5 30. Kg2 Nf6 (30... Kf6 $5 {is interesting.} 31. Kf1 Ke7 32. Ke2 Rec8 33. Rh1 Nf6) 31. Ra5 Rxa5 32. bxa5 $14 {[%mdl 4096] Endgame KRN-KRN} Re7 33. Rb6 {Black should prevent a6.} Rc7 34. Nb3 Nd7 35. Rb4 Nb8 36. f3 Na6 37. Rb6 f5 38. Kf2 Re7 39. Ke2 d4 (39... Kf7 $5 {seems wilder.} 40. Kd2 Kf6 41. Ke2 g5 42. fxg5+ Kxg5 43. Kd3 Kg6) 40. Nxd4 Nxc5 41. a6 (41. Rb1 $5 {is more complex.} Rd7 42. Nb3 Ne6 43. Ra1 Re7 44. Rh1) 41... Nxa6 {[#]} 42. Nxc6 $1 {[%mdl 512]} bxc6 43. Rxa6 $11 {KR-KR} Re6 44. Kd3 Rd6+ 45. Ke2 Re6 46. Ra7+ Kf6 47. Rh7 Re8 48. Rc7 Re6 49. Kf2 g5 50. Rh7 Kg6 {The position is equal.} 51. Rh8 {[#] Rg8+ is the strong threat.} (51. Rd7 $5 {with more complications.} gxf4 52. exf4 c5 53. Rc7 Ra6 54. Rxc5 Ra2+ 55. Kg1) 51... gxf4 52. gxf4 Re7 53. Rc8 Re6 54. Rg8+ Kh6 55. Rf8 Kg6 56. Rc8 Kg7 57. Rc7+ Kg6 58. Kg3 Rxe3 59. Rxc6+ Kf7 60. Kh4 Rxf3 61. Kg5 $1 Ra3 62. Rf6+ Kg7 63. Rg6+ Kf7 {( -> ...Rg3+)} 64. Rh6 Ra5 65. Rh7+ Kg8 66. Rxh5 Kg7 67. Rh6 Rb5 68. Ra6 Rc5 69. Ra7+ Kf8 70. Kf6 {Ra8+ would kill now.} Rc6+ 71. Kxf5 1/2-1/2

[Event "Memorial Jorge Szmetan 2017"]
[Site "Buenos Aires"]
[Date "2017.04.21"]
[Round "5"]
[White "Sosa, Tomas"]
[Black "Flores, Diego"]
[Result "0-1"]
[WhiteElo "2459"]
[BlackElo "2568"]
[Annotator "TA"]
[PlyCount "116"]
[EventDate "2017.04.17"]
[EventType "tourn"]
[EventCountry "ARG"]
[SourceTitle "playchess.com"]
[Source "ChessBase"]
[SourceQuality "1"]

{[%evp 14,116,12,-2,21,15,16,1,5,5,18,0,45,0,0,-16,0,0,0,-18,0,-38,0,7,16,-75,-81,-77,-77,-89,-96,-98,-38,-29,19,19,19,24,20,22,31,20,15,0,0,0,0,0,0,0,0,0,0,-58,-58,-144,-139,-137,-137,-137,-142,-142,-151,-151,-96,-96,-96,-92,-83,-78,-77,-81,-74,-110,-118,-160,-170,-1044,-930,-1085,-978,-5060,-4964,-1861,-1867,-1462,-1279,-29973,-29974,-29974,-29975,-29975,-29976,-29977,-29978,-29978,-29979,-29979,-29978,-29982,-29983,-29987,-29984,-29988,-29989]} 1. e4 e5 2. Nf3 Nc6 3. Bc4 Bc5 4. O-O Nf6 5. d3 d6 6. c3 Bb6 7. a4 h6 {C54: Giuoco Piano: 4 c3 Nf6, main lines with 5 d4 and 5 d3} 8. Na3 {LiveBook: 3 Games} O-O 9. Ba2 $146 (9. Bb3 Re8 10. Nc4 Be6 11. Bc2 Bxc4 12. dxc4 a5 13. g3 Qd7 14. Nh4 Qh3 15. Qf3 {1-0 (45) Neelotpal,D (2463)-Zhang,Z (2645) Doha 2016}) 9... a6 {The position is equal.} 10. h3 Ne7 11. Nc4 Ba7 12. Nh4 g5 13. Qf3 (13. Nf3 $14) 13... Kg7 $11 14. Nf5+ $1 Nxf5 15. exf5 Re8 16. Re1 Bd7 $36 {[%mdl 2048] White is under pressure.} 17. Ne3 e4 18. dxe4 Rxe4 19. Bd2 {[#]} (19. Bb1 $11 {keeps the balance.} Re8 20. Bc2 (20. Qxb7 d5 21. Qb3 c5 $11)) 19... Bc6 $1 $17 {White must now prevent ...Rxe3.} ({Of course not} 19... Bxa4 $6 20. Bb1 Rh4 21. Qxb7 $14) 20. Nd5 Rxa4 ({Much weaker is} 20... Bxd5 $6 21. Bxd5 Rxe1+ 22. Rxe1 $11) 21. c4 Bxd5 22. cxd5 Rd4 (22... Qd7 $17 {...Qb5 is the strong threat.} 23. Bb3 Rxa1 24. Rxa1 Bd4) 23. Re2 $1 $15 (23. Bc3 $2 Rf4 24. Qd3 Bxf2+ 25. Kh2 Qd7 $17) 23... Bb6 24. g3 Rxd2 25. Rxd2 Qe8 26. Re2 Qa4 27. Kg2 Re8 28. b3 Qd4 29. Rxe8 Qxa1 30. Re2 Qd4 31. Bb1 a5 32. Be4 Bc5 33. g4 (33. Bc2 $11) 33... b5 34. h4 (34. Bd3 $15) 34... gxh4 35. Qf4 {With the idea g5.} Nxd5 36. f6+ Qxf6 37. Qxf6+ Nxf6 $17 {[%mdl 4096] Endgame KRB-KBN} 38. Bc6 a4 (38... Nxg4 $142 39. Bxb5 Nxf2) 39. bxa4 bxa4 ({But not} 39... Nxg4 $6 40. Bxb5 Bb6 41. Ra2 $11) 40. Bxa4 Nxg4 41. f4 Ne3+ 42. Kf3 Nf5 {Hoping for ...Nd4+.} 43. Kg4 Kf6 44. Re8 h5+ 45. Kxh5 $2 (45. Kh3) 45... Ng7+ $19 46. Kxh4 Nxe8 47. Bxe8 {KB-KB} d5 48. Kg4 Ke7 49. Bb5 Bd4 50. f5 f6 {Black mates.} 51. Kf3 Kd6 52. Ke2 c5 {[%cal Bc7c5,Bc5c4][%mdl 32]} 53. Kd3 Be5 54. Be8 c4+ 55. Kd2 Kc5 56. Bf7 d4 {[%cal Bd5d4,Bd4d3][%mdl 32]} 57. Be6 d3 58. Ke3 {[#]} Bf4+ $1 {[%mdl 512]} 0-1

[Event "Memorial Jorge Szmetan 2017"]
[Site "Buenos Aires"]
[Date "2017.04.22"]
[Round "6"]
[White "Granda Zuniga, Julio E"]
[Black "Van Riemsdijk, Herman C"]
[Result "1-0"]
[WhiteElo "2658"]
[BlackElo "2318"]
[Annotator "TA"]
[PlyCount "155"]
[EventDate "2017.04.17"]
[EventType "tourn"]
[EventCountry "ARG"]
[SourceTitle "playchess.com"]
[Source "ChessBase"]
[SourceQuality "1"]

{[%evp 17,155,19,14,0,9,0,81,76,64,53,87,38,32,36,40,32,26,24,45,34,45,26,77,70,61,35,51,58,99,74,75,66,65,65,58,68,110,34,64,52,58,56,63,47,67,52,54,50,74,48,68,73,60,25,221,51,39,40,68,47,46,59,50,55,55,56,50,29,70,45,89,94,139,157,191,170,172,170,204,211,250,239,270,276,239,208,207,179,200,200,168,178,131,39,39,39,39,23,39,39,39,39,39,39,39,39,75,0,64,14,15,2,8,8,8,0,8,8,8,0,5591,5388,1756,1702,29972,29966,29973,29975,29976,29977,29977,29978,29978,29979,29979,29980,29980,29981,29981,29982]} 1. e4 e5 2. Nf3 Nc6 3. Bc4 Nf6 4. Ng5 d5 5. exd5 Na5 6. Bb5+ c6 7. dxc6 bxc6 8. Qf3 Be7 {C58: Two Knights: 4 Ng5 d5 5 exd5 Na5 sidelines} (8... Rb8 9. Bd3 h6 10. Ne4 Nd5 11. b3 Nf4 12. Bb2 f6 13. O-O Be7 14. Re1 O-O 15. Bf1 c5 16. Ng3 Qd7 17. Nh5 Bb7 {½-½ (62) Ganguly,S (2614)-Amin,B (2627) Abu Dhabi 2014}) 9. Be2 O-O {LiveBook: 3 Games} 10. Qd3 $146 (10. Ne4 Nd5 11. d3 f5 12. Nec3 Rb8 13. O-O Be6 14. Re1 Rf6 15. Bf1 Qc7 16. Bg5 Rxb2 17. Bxf6 Bxf6 {½-½ (45) Johnsen,K (2470)-Auzins,M (2462) ICCF email 2008}) 10... Qc7 {The position is equal.} 11. Nc3 g6 (11... Nb7 $11) 12. Qg3 $16 Nd5 13. O-O (13. d4 $5 {creates asymmetry.} f6 14. Nf3 Bd6 15. dxe5 fxe5 16. Qh4) 13... f6 14. Nh3 Bf5 15. d3 Nb7 {[%cal Ba5b7,Bb7d6,Bd6b5,Bb5a3][%mdl 32]} 16. Bg4 Nd6 17. f3 Nxc3 18. bxc3 Qa5 19. Qe1 Bxg4 (19... Qa4 $11) 20. fxg4 Qa4 21. Qd1 Nb5 22. Bd2 Na3 23. Rc1 Nb5 24. c4 Nd4 25. c3 Qxd1 26. Rcxd1 Ne6 27. Kf2 ({White should try} 27. Rde1 $16) 27... Rfd8 28. Ke2 Rd7 29. Be3 Rb8 30. Rd2 Kg7 31. g3 a5 32. d4 exd4 33. cxd4 Rb4 34. Rc1 Ra4 35. d5 Nc7 $2 (35... cxd5 $11 36. cxd5 Nd8) 36. Rcc2 $2 ({White must play} 36. dxc6 $18 Rxd2+ 37. Bxd2 (37. Kxd2 Rxa2+ 38. Rc2 Bb4+ 39. Kd3 Ra1 $18)) 36... cxd5 $14 37. Nf4 Bb4 38. Rd1 Kf7 39. Nxd5 Nxd5 40. cxd5 Bd6 41. g5 f5 42. Rd3 Rb7 43. Rd4 Rxd4 44. Bxd4 {[%mdl 4096] Endgame KRB-KRB} Rb5 45. Kd3 $1 f4 46. Rc6 Ke7 47. gxf4 $1 Rxd5 48. Ke4 Rb5 49. Ra6 Rb4 50. Rxa5 Bxf4 51. a3 (51. Kxf4 $6 Rxd4+ 52. Ke5 Rh4 $16) 51... Rc4 {[#]} 52. Kd5 $1 {[%cal Rd5c4]} (52. Kxf4 $6 Rxd4+ 53. Ke5 Rh4 $16) 52... Rc7 {[#]} 53. h4 $1 Rd7+ 54. Ke4 Bg3 55. Bc5+ (55. a4 $16) 55... Kd8 56. h5 gxh5 57. Ra6 h4 58. Rh6 Be1 59. Bd4 Kc7 60. a4 Kb7 61. Be5 Ka8 62. Bd4 Kb7 63. Rb6+ Kc7 {Strongly threatening ...Rxd4+!} 64. Rb5 Kc6 65. Be3 Bd2 {...Re7+ is the strong threat.} 66. Rc5+ (66. Rb6+ $5 {looks sharper.} Kc7 67. Rb3 Re7+ 68. Kf3 Rd7 69. Kf4) 66... Kb7 {aiming for ...Re7+.} 67. Bxd2 Rxd2 $11 {KR-KR} 68. Rf5 {Black must now prevent Rf7+.} Ra2 $2 {[%mdl 8192]} (68... Rg2 $11) 69. Rf7+ $18 Kc6 70. Rxh7 Rxa4+ 71. Ke5 {White mates.} Ra1 72. g6 {[%cal Bg5g6,Bg6g7][%mdl 32]} Rg1 73. g7 ({Stronger than} 73. Rxh4 Rxg6 74. Rh8 Rg1 $11) 73... h3 74. Kf6 ({Inferior is} 74. Rxh3 Rxg7 75. Rh8 Rg4 $11) 74... Rf1+ 75. Ke7 Rg1 76. Kf7 ({Worse is} 76. Rxh3 Rxg7+ 77. Kf6 Rd7 $11) 76... Rf1+ 77. Kg8 Rf3 78. Kh8 1-0

[Event "Memorial Jorge Szmetan 2017"]
[Site "Buenos Aires"]
[Date "2017.04.22"]
[Round "6"]
[White "Bachmann, Axel"]
[Black "Sosa, Tomas"]
[Result "0-1"]
[WhiteElo "2646"]
[BlackElo "2459"]
[Annotator "TA"]
[PlyCount "102"]
[EventDate "2017.04.17"]
[EventType "tourn"]
[EventCountry "ARG"]
[SourceTitle "playchess.com"]
[Source "ChessBase"]
[SourceQuality "1"]

{[%evp 16,102,45,27,14,6,32,6,15,9,55,56,56,38,64,64,62,60,106,102,105,102,111,99,102,76,78,50,82,50,83,85,108,105,118,117,119,108,171,152,101,91,125,125,120,89,103,92,101,90,100,104,94,98,433,50,58,-30,-21,-30,29,21,119,131,129,38,113,-258,-254,-375,-273,-285,-295,-282,-275,-275,-275,-266,-266,-252,-260,-257,0,-148,0,-257,-253,-1041,-1029]} 1. Nf3 Nf6 2. d4 g6 3. g3 Bg7 4. Bg2 O-O 5. O-O d6 6. b3 Nc6 7. Bb2 e5 8. dxe5 Nd7 9. c4 dxe5 {A49: 1 d4 Nf6 2 Nf3 g6 3 g3: Anti-King's Indian systems} (9... Re8 10. Nc3 dxe5 11. Nd2 Nd4 12. e3 Ne6 13. b4 a5 14. a3 f5 15. c5 e4 16. Nc4 Ne5 17. Nxe5 Bxe5 {1-0 (55) Mons,L (2469)-Kokol,P (2351) Graz 2017}) 10. Ne1 Nc5 $146 (10... Nd4 11. Nc3 c6 12. Nd3 f5 13. e3 Ne6 14. Na4 Qe7 15. Qc1 Re8 16. f3 h5 17. Qe1 {½-½ (95) Barcza,G-Fischer,R Zuerich 1959}) 11. Nc2 Nd4 {The position is equal.} 12. Nc3 Bf5 13. Ne3 {Threatens to win with Ba3.} c6 14. b4 $36 {[%mdl 2048] Black is under pressure.} Nd7 15. Nxf5 Nxf5 16. e3 a5 17. b5 Qc7 18. bxc6 bxc6 19. Qc2 Rfd8 20. Ba3 Nd6 21. Na4 Bf8 22. Rfd1 Nb7 23. Bxf8 Kxf8 24. c5 Nf6 25. Rdb1 Ra7 26. Rb3 e4 (26... Kg7 $16 27. Rab1 Rd7) 27. Rab1 $18 (27. Bxe4 $2 Qe5 28. Bxc6 (28. Rab1 $2 Nxe4 29. f4 Qf5 $19) 28... Qxa1+ $17) 27... Qe7 28. Bh3 Rd5 29. Rc3 Rh5 30. Bg2 Nd8 31. Rc4 {[%cal Rg2e4]} Re5 32. Nb6 {Strongly threatening Nc8.} Rc7 33. Qc3 Nb7 {[%cal Rb7c5]} 34. Bh3 $1 Rh5 $2 {[%mdl 8192]} (34... Rxc5 $2 35. Rxc5 Nxc5 36. Nc8 (36. Qxa5 Nd3 $11) 36... Rxc8 37. Bxc8 $18) (34... Nd5 $16 35. Nxd5 cxd5) 35. Nd7+ $2 (35. Na8 $18 Kg7 36. Nxc7 Qxc7 37. Bg2) 35... Kg7 $14 36. Rd1 (36. Nxf6 $14 Qxf6 37. Qxf6+ Kxf6 38. Bg2) 36... Rxh3 $11 {[#]} 37. Rxe4 $3 {[%mdl 512]} Qd8 {[#]} ({Black should play} 37... Rxd7 38. Rxe7 Rxe7) (37... Qxe4 38. Nxf6) 38. Re8 $1 {[%mdl 512]} Qxd7 (38... Qxe8 39. Nxf6 Qc8 40. Ne8+ Kf8 41. Qh8+ (41. Nxc7 Qxc7 42. Rd4 Kg8 $17) 41... Ke7 42. Qe5+ Qe6 43. Qxc7+ Kf8 44. Nd6 Nxc5 45. Rd4 $18) (38... Rxd7 $11 39. Rxd8 Rxd8) 39. Rxd7 $16 Rxd7 40. Rc8 (40. g4 $1 $16 {[%cal Rg4g5] Hoping for g5.} h6 41. Kg2) 40... Nd8 $14 {[#]} 41. g4 $2 {[%mdl 8192]} (41. f4 $1 $16 {keeps the pressure on.} h6 42. Kg2) 41... Ne6 $19 {...Rd1+ is the strong threat.} 42. Qa1 (42. Qb2 $142 Rh4 43. h3 Rxh3 44. Rxc6 Rd1+ 45. Kg2) 42... h5 43. Rxc6 {aiming for g5!} hxg4 44. Rd6 Rc7 45. c6 Rh5 46. Qb2 Rc5 47. Qb6 {[#]} Nd5 $1 ({Less strong is} 47... Rc1+ 48. Kg2 Re7 49. a4 $15) 48. Qb2+ Nf6 (48... Nc3 $19 49. Qa3 R7xc6 50. Rxc6 Rxc6 51. Qxa5 Rc5) 49. Qb6 $17 {Black must now prevent Rxe6!} Nd5 ({Much less strong is} 49... Rc1+ 50. Kg2 Re7 51. a4 $15) (49... Re7 $17 50. Kg2 (50. Qb2 $2 Rc7 $19) 50... Ne4) 50. Qb2+ $19 Kh7 51. Qe2 $2 (51. Qb3 Nb4 52. Rd7 R5xc6 53. Rxc7 Rxc7 54. Kg2) 51... Rc1+ (51... R7xc6 $2 52. Rxc6 Rxc6 53. Qxg4 $17) 0-1